Quick Time Event! - Statistics

General Stats
  • This quiz has been taken 12 times
  • The average score is 129 of 168
Answer Stats
Hint Extra Hint Answer % Correct
Recharging... 12 Attack!
100%
Recharging... 11 Attack!
100%
Recharging... 10 Attack!
100%
Recharging... 9 Attack!
100%
Recharging... 8 Attack!
100%
Recharging... 7 Attack!
100%
Recharging... 6 Attack!
100%
Recharging... 5 Attack!
100%
Recharging... 4 Attack!
100%
Recharging... 3 Attack!
100%
Recharging... 2 Attack!
100%
Recharging... 1 Attack!
100%
Recharging... 15 Attack!
100%
Recharging... 14 Attack!
100%
Recharging... 13 Attack!
100%
Recharging... 12 Attack!
100%
Recharging... 11 Attack!
100%
Recharging... 10 Attack!
100%
Recharging... 9 Attack!
100%
Recharging... 8 Attack!
100%
Recharging... 7 Attack!
100%
Recharging... 6 Attack!
100%
Recharging... 5 Attack!
100%
Recharging... 4 Attack!
100%
Recharging... 3 Attack!
100%
Recharging... 2 Attack!
100%
Recharging... 1 Attack!
100%
Recharging... 9 Attack!
100%
Recharging... 8 Attack!
100%
Recharging... 7 Attack!
100%
Recharging... 6 Attack!
100%
Recharging... 5 Attack!
100%
Recharging... 4 Attack!
100%
Recharging... 1 Attack!
100%
Recharging... 30 Attack!
100%
Recharging... 26 Attack!
100%
Recharging... 24 Attack!
100%
Recharging... 23 Attack!
100%
Recharging... 22 Attack!
100%
Recharging... 21 Attack!
100%
Recharging... 20 Attack!
100%
Recharging... 19 Attack!
100%
Recharging... 18 Attack!
100%
Recharging... 17 Attack!
100%
Recharging... 13 Attack!
100%
Recharging... 12 Attack!
100%
Recharging... 11 Attack!
100%
Recharging... 10 Attack!
100%
Recharging... 9 Attack!
100%
Recharging... 8 Attack!
100%
Recharging... 7 Attack!
100%
Recharging... 6 Attack!
100%
Recharging... 5 Attack!
100%
Recharging... 4 Attack!
100%
Recharging... 3 Attack!
100%
Recharging... 2 Attack!
100%
Recharging... 1 Attack!
100%
Recharging... ??????????????? Attack!
100%
Recharging... 19 Attack!
91%
Recharging... 18 Attack!
91%
Recharging... 17 Attack!
91%
Recharging... 16 Attack!
91%
Recharging... 15 Attack!
91%
Recharging... 14 Attack!
91%
Recharging... 13 Attack!
91%
Recharging... 10 Attack!
91%
Recharging... 3 Attack!
91%
Recharging... 2 Attack!
91%
Recharging... 29 Attack!
91%
Recharging... 28 Attack!
91%
Recharging... 27 Attack!
91%
Recharging... 25 Attack!
91%
Recharging... 16 Attack!
91%
Recharging... 15 Attack!
91%
Recharging... 14 Attack!
91%
Recharging... ???????????? Attack!
91%
Recharging... ??????????? Attack!
91%
Recharging... ?????????? Attack!
91%
Recharging... ????????? Attack!
91%
Recharging... ???????? Attack!
91%
Recharging... ??????? Attack!
91%
Recharging... ?????? Attack!
91%
Recharging... ????? Attack!
91%
Recharging... ???? Attack!
91%
Recharging... ??? Attack!
91%
Recharging... ?? Attack!
91%
Recharging... ? Attack!
91%
Recharging... 1 Attack!
91%
Hit! NOW!!! Dodge!
91%
Recharging... ?????????????? Attack!
82%
Recharging... ????????????? Attack!
82%
Recharging... 5 Attack!
82%
Recharging... 4 Attack!
82%
Recharging... 3 Attack!
82%
Recharging... 2 Attack!
82%
Hit! Hint: Dodge! Dodge!
82%
Hit! NOW!!! Dodge!
82%
Hit! NOW!!! Dodge!
82%
Hit! x10 Dodge 10 times! Dodge!
82%
Hit! x6 6 more... Dodge!
82%
Hit! x5 5 more... Dodge!
82%
Hit! x4 4 more... Dodge!
82%
Hit! x1 1 more... Dodge!
82%
Recharging... 20 Attack!
73%
Recharging... Speed up! Attack!
73%
Recharging... 30 Attack!
73%
Recharging... 28 Attack!
73%
Recharging... 26 Attack!
73%
Recharging... 24 Attack!
73%
Recharging... 22 Attack!
73%
Recharging... 20 Attack!
73%
Recharging... 18 Attack!
73%
Recharging... 16 Attack!
73%
Recharging... 14 Attack!
73%
Recharging... 12 Attack!
73%
Recharging... 10 Attack!
73%
Recharging... 8 Attack!
73%
Recharging... 6 Attack!
73%
Recharging... 4 Attack!
73%
Recharging... 2 Attack!
73%
Hit! NOW!!! Dodge!
73%
Hit! x9 9 more... Dodge!
73%
Hit! x8 8 more... Dodge!
73%
Hit! x7 7 more... Dodge!
73%
Hit! x3 3 more... Dodge!
73%
Hit! x2 2 more... Dodge!
73%
Recharging... Slow down! Attack!
55%
Recharging... 3 Attack!
55%
Recharging... 2 Attack!
55%
Recharging... 1 Attack!
55%
Recharging... 1 Attack!
45%
Hit! NOW!!! Dodge!
45%
Recharging... 1 Attack!
36%
FINISH HIM!!! FINAL STRETCH! Attack!
36%
FINISH HIM!!! 30 Attack!
36%
FINISH HIM!!! 29 Attack!
36%
FINISH HIM!!! 28 Attack!
36%
FINISH HIM!!! 27 Attack!
36%
FINISH HIM!!! 26 Attack!
36%
FINISH HIM!!! 25 Attack!
36%
FINISH HIM!!! 24 Attack!
36%
FINISH HIM!!! 23 Attack!
36%
FINISH HIM!!! 22 Attack!
36%
FINISH HIM!!! 21 Attack!
36%
FINISH HIM!!! 20 Attack!
36%
FINISH HIM!!! 19 Attack!
36%
FINISH HIM!!! 18 Attack!
36%
FINISH HIM!!! 17 Attack!
36%
FINISH HIM!!! 16 Attack!
36%
FINISH HIM!!! 15 Attack!
36%
FINISH HIM!!! 14 Attack!
36%
FINISH HIM!!! 13 Attack!
36%
FINISH HIM!!! 12 Attack!
36%
FINISH HIM!!! 11 Attack!
36%
FINISH HIM!!! 10 Attack!
36%
FINISH HIM!!! 9 Attack!
36%
FINISH HIM!!! 8 Attack!
36%
FINISH HIM!!! 7 Attack!
36%
FINISH HIM!!! 6 Attack!
36%
FINISH HIM!!! 5 Attack!
27%
FINISH HIM!!! 4 Attack!
27%
FINISH HIM!!! 3 Attack!
27%
Hit! NOW!!! Dodge!
27%
Hit! NOW!!! Dodge!
27%
FINISH HIM!!! 2 Attack!
18%
FINISH HIM!!! 1 Attack!
18%
Hit! NOW!!! Dodge!
18%
Hit! NOW!!! Dodge!
18%
No matching quizzes found
Score Distribution
Percent of People with Each Score
Percentile by Number Answered
Your Score History
You have not taken this quiz